| 000 | 00391nam a22001577a 4500 | ||
|---|---|---|---|
| 005 | 20260110174236.0 | ||
| 008 | 260110b |||||||| |||| 00| 0 eng d | ||
| 020 |
_a9780415244268 _qhbk |
||
| 082 |
_a301 _bWHI |
||
| 100 | _awhimster,Sam | ||
| 245 |
_aThe Essential Weber _bA reader |
||
| 260 |
_aUSA and Canada _bRoutledge _c2003 |
||
| 300 | _a422P. | ||
| 504 | _aindex | ||
| 942 | _cENGLISH | ||
| 999 |
_c608165 _d608165 |
||